MARC details
| 000 -LEADER |
| fixed length control field |
02632cam a2200409 a 4500 |
| 001 - CONTROL NUMBER |
| control field |
427941 |
| 003 - CONTROL NUMBER IDENTIFIER |
| control field |
OSt |
| 005 - DATE AND TIME OF LATEST TRANSACTION |
| control field |
20260415160030.0 |
| 008 - FIXED-LENGTH DATA ELEMENTS--GENERAL INFORMATION |
| fixed length control field |
260415m19829999txua b 001 0 eng |
| 010 ## - LIBRARY OF CONGRESS CONTROL NUMBER |
| LC control number |
81071768 |
| Canceled/invalid LC control number |
2003615144 |
| 020 ## - INTERNATIONAL STANDARD BOOK NUMBER |
| International Standard Book Number |
0849902010 |
| Qualifying information |
v. 2 |
| 035 ## - SYSTEM CONTROL NUMBER |
| System control number |
427941 |
| 040 ## - CATALOGING SOURCE |
| Original cataloging agency |
DLC |
| Transcribing agency |
DLC |
| Modifying agency |
DLC |
| 050 00 - LIBRARY OF CONGRESS CALL NUMBER |
| Classification number |
BS491.2 |
| Item number |
.W67 1994 |
| 245 10 - TITLE STATEMENT |
| Title |
Word biblical commentary: Genesis 16-50 / |
| Statement of responsibility, etc. |
general editors, David A. Hubbard, Glenn W. Barker ; Old Testament editor, John D.W. Watts ; New Testament editor, Ralph P. Martin. |
| 260 ## - PUBLICATION, DISTRIBUTION, ETC. (IMPRINT) |
| Place of publication, distribution, etc. |
Waco, Tex. : |
| Name of publisher, distributor, etc. |
Word Books, |
| Date of publication, distribution, etc. |
c1994 |
| 300 ## - PHYSICAL DESCRIPTION |
| Extent |
v. <1-5, 6A, 7, 9-17, 18B, 19-22, 23A-23B, 24-32, 33A-33B, 34A-34B, 35A-35C, 36, 38A-38B, 40-46, 47A-47B, 48-51. 52A-52C; in 53> : |
| Other physical details |
ill., map ; |
| Dimensions |
24 cm. |
| 336 ## - CONTENT TYPE |
| Content type term |
text |
| Content type code |
txt |
| Source |
rdacontent |
| 337 ## - MEDIA TYPE |
| Media type term |
unmediated |
| Media type code |
n |
| Source |
rdamedia |
| 338 ## - CARRIER TYPE |
| Carrier type term |
volume |
| Carrier type code |
nc |
| Source |
rdacarrier |
| 500 ## - GENERAL NOTE |
| General note |
Vols. <18B, 22, 23B, 29, 34B, 46, 52B-52C > have general editors, Bruce M. Metzger, David A. Hubbard, Glenn W. Barker. |
| 500 ## - GENERAL NOTE |
| General note |
Place of publication in v. <2, 6A, 9, 11, 17, 20, 23A, 26-27, 30, 33A-33B, 35A-35C, 41-42, 47A-47B, 52A > appears as Dallas Tex. |
| 500 ## - GENERAL NOTE |
| General note |
Vols. <18B, 22, 23B, 29, 34B, 46, 52B-52C> have imprint: Nashville : T. Nelson. |
| 504 ## - BIBLIOGRAPHY, ETC. NOTE |
| Bibliography, etc |
Includes bibliographical references and indexes. |
| 630 00 - SUBJECT ADDED ENTRY--UNIFORM TITLE |
| Uniform title |
Bible |
| Form subdivision |
Commentaries. |
| 655 #7 - INDEX TERM--GENRE/FORM |
| Genre/form data or focus term |
Commentaries. |
| Source of term |
lcgft |
| Authority record control number |
https://id.loc.gov/authorities/genreForms/gf2025026014 |
| 700 1# - ADDED ENTRY--PERSONAL NAME |
| Personal name |
Hubbard, David Allan. |
| 700 1# - ADDED ENTRY--PERSONAL NAME |
| Personal name |
Barker, Glenn W., |
| Dates associated with a name |
1920-1984. |
| 700 1# - ADDED ENTRY--PERSONAL NAME |
| Personal name |
Metzger, Bruce M. |
| Fuller form of name |
(Bruce Manning), |
| Dates associated with a name |
1914-2007. |
| 856 42 - ELECTRONIC LOCATION AND ACCESS |
| Materials specified |
Publisher description |
| Uniform Resource Identifier |
<a href="http://www.loc.gov/catdir/enhancements/fy0609/81071768-d.html">http://www.loc.gov/catdir/enhancements/fy0609/81071768-d.html</a> |
| 906 ## - LOCAL DATA ELEMENT F, LDF (RLIN) |
| a |
7 |
| b |
cbc |
| c |
orignew |
| d |
1 |
| e |
opcn |
| f |
19 |
| g |
y-gencatlg |
| 942 ## - ADDED ENTRY ELEMENTS (KOHA) |
| Source of classification or shelving scheme |
Library of Congress Classification |
| Koha item type |
General Collection |